Responses for Show #5563 - Wednesday, November 12, 2008

2008-B Teen Tournament quarterfinal game 3.

Contestants

[<< previous game]

Karan Takhar, a senior from North Attleborough, Massachusetts

Drew Scheeler, a senior from Sandusky, Ohio

Audrey Hosford, a junior from Annapolis, Maryland

[next game >>]

Jeopardy! Round responses

THE WORLD ALMANAC AND BOOK OF FACTS
WHO DID THAT TUNE?
GIRL SCOUT BADGES
SCIENCE
WHEN YOU GO TO COLLEGE
CROSSWORD CLUES "P"
    $200 6
Vesuvius

Karan
    $200 1
(Audrey: Who is Rihanna?)

the Jonas Brothers

AudreyDrew
    $200 4
Birds

Drew
    $200 16
the kidneys

Drew
    $200 24
(Audrey: What is Michigan State?)

USC (University of Southern California)

AudreyKaran
    $200 26
Passover

Audrey
    $400 7
the Library of Congress

Karan
    $400 2
Coldplay

Karan
    $400 5
sewing

Karan
    $400 17
(air) pressure

Drew
    $400 21
arts

Audrey
    $400 27
photocopy

Drew
    $800 8
Qatar

Karan
    $600 3
(Karan: Who is Keane?)

Linkin Park

AudreyKaran
    $600 13
Planets

Drew
    $600 18
chromosomes

Audrey
    $600 22
improv

Drew
    $600 28
(Karan: What is plain?)

prose

Karan
Triple Stumper
    $800 9
(Audrey: What is Laureate?)
(Alex: Be more specific.)

Poet Laureate (of Great Britain)

Audrey
    $800 10
Green Day

Karan
    $800 14
breast cancer

Karan
    $800 19
core sampling

Triple Stumper
    $800 23
Yale

Karan
    $800 29
Pyramus

Audrey
    $1000 11
the Sears Tower

Karan
    $1000 12
Snoop Dogg

Karan
    $1000 15
Language

Karan
    $1000 20
Linnaeus

Audrey
    $1000 25
Munich

Karan
    $1000 30
(Drew: What is Pontilism?)
[Originally ruled correct; reversed after the first break]

Pointillism

Drew
Triple Stumper

Scores at the first commercial break (after clue 15):

Audrey Drew Karan
$1,200 $1,000 $6,200

Scores at the end of the Jeopardy! Round:

Audrey Drew Karan
$4,000 $1,600 $7,600

Double Jeopardy! Round responses

"A" IN GEOGRAPHY
GOSSIP GIRLS
SECRETARIES OF STATE
I'M SO HOT
LITERARY HODGEPODGE
SHIFT INTO...
(Alex: Each response will be something that a car can shift into.)
    $400 2
Amman

Audrey
    $400 21
Jessica Alba

Audrey
    $400 1
Thomas Jefferson

Karan
    $400 11
Italian

Karan
    $400 16
Gulliver

Audrey
    $400 26
a drive

Karan
    $800 3
Amherst

Audrey
    $800 22
(Drew: Who is Alba?)

Megan Fox

Drew
Triple Stumper
    $800 7
(Madeleine) Albright

Drew
    $800 12
Buffalo wings

Drew
    $2,000 17
(Alex: [*], 19[*],
the Roaring [*], yes.)

the '20s

Audrey
    $800 27
(Karan: What is a reversal?)
(Drew: What is a pothole?)
...
(Alex: Karan knows that he added one syllable too many. You shift into [*], not into reversal.)

a reverse

DrewKaran
Triple Stumper
    $1200 4
Aconcagua

Drew
    $1200 23
Vanessa Hudgens

Audrey
    $1200 8
(James) Monroe

Drew
    $1200 13
Szechuan

Drew
    $1200 18
Rudyard Kipling

Karan
    $1200 28
neutral

Karan
    $1600 5
Azerbaijan

Karan
    $1600 24
Brooke Hogan

Drew
    $1600 9
Henry Kissinger

Karan
    $5,000 14
(Drew: What is Cayenne?)

Tabasco

Drew
    $1600 19
Anna Karenina

Karan
    $1600 29
a park

Karan
    $2000 6
Aberdeen

Karan
    $2000 25
(Karan: Who is Reese Rither--R-Reese Witherspoon?)

Scarlett Johansson

AudreyKaran
    $2000 10
(William) Seward

Karan
    $2000 15
(Drew: What is salsa verde?)

pico de gallo

Drew
Triple Stumper
    $2000 20
Tess of the d'Urbervilles

Audrey
    $2000 30
second

Karan

Scores at the end of the Double Jeopardy! Round:

Audrey Drew Karan
$13,200 -$200 $20,800

Final Jeopardy! Round responses

WORD ORIGINS
AudreyWhat is addition
$5,000
KaranWhat is algebra?
$5,601
algebra

Final scores:

Audrey Drew Karan
$8,200 -$200 $26,401
2nd place: $5,000 if eliminated 3rd place: $5,000 if eliminated Automatic semifinalist

Game dynamics:

Coryat scores:

Audrey Drew Karan
$12,000 $4,800 $20,600
15 R
(including 1 DD),
2 W
13 R,
5 W
(including 1 DD)
25 R
(including 1 DD),
4 W

Combined Coryat: $37,400

[game clues] [game scores] [suggest correction]

Game tape date: 2008-10-06
The J! Archive is created by fans, for fans. Scraping, republication, monetization, and malicious use prohibited; this site may use cookies and collect identifying information. See terms. The Jeopardy! game show and all elements thereof, including but not limited to copyright and trademark thereto, are the property of Jeopardy Productions, Inc. and are protected under law. This website is not affiliated with, sponsored by, or operated by Jeopardy Productions, Inc. Join the discussion at JBoard.tv.